000 00651nam a2200157 a 4500
008 060817s2005 xx |||||||||||||| || u
050 _aTHESIS
100 _aMasenga, Simon
245 1 4 _aThe suitability of eucalyptus spp sawmilling and logging waste for charcoal production using the
_cthesis supervised by F.M. Malambo
260 _a
_bCopperbelt University, School of Natural Resources
_c2005
350 _a0.00
650 _aFORESTRY
650 _aWOOD WASTE
650 _aCHARCOAL
995 _D0.00
_FCBU-MAIN LIBRARY (Kitwe)
_H1
_I0.00
_M1
_UAVAILABLE
_WAug 17, 2006
_ZUniversity Collection
999 _c59077
_d59077